00664nam a2200157 a 450000100100000000500170001000800410002704000250006811000970009324500830019026000670027330000350034004900090037595201050038499900170048900003040320250116073944.0110517s1984 dr ac 000 0 spa d aDO-SdBNPbspacBNPHU1 aRepública Dominicana.bSecretaría de Estado de Educación, Bellas Artes y Cultos92396510aProgramas de estudio para la educación media :bfrances (lengua extranjera). aSanto Domingo :bSecretaría de Estado de Educación,c1984. a50 p. :bil., retrs. ;c21 cm. aBNPD 0010718PDaPDbPDcCTd2011-05-17iLF1l0o p30403-10r2020-06-25w2020-06-25yLFPDZNo se presta c29895d29895